| 000 | 01340cam a22003254a 4500 | ||
|---|---|---|---|
| 005 | 20260322212014.0 | ||
| 008 | data | ||
| 010 | _a 2001098322 | ||
| 040 |
_aDLC _cDLC _dDLC |
||
| 042 | _apcc | ||
| 043 | _an-us-ct | ||
| 050 | 0 | 0 |
_aN590 _b.A53 2001 |
| 082 | 0 | 0 |
_a708.146/8 _221 |
| 092 | _a708.146 A53 2001 | ||
| 100 | 1 | _aMatheson, Susan B. | |
| 245 | 1 | 0 |
_aArt for Yale : _ba history of the Yale University Art Gallery / _cSusan B. Matheson & Yale University. |
| 250 | _a1st ed. | ||
| 260 |
_aNew Haven, Conn. : _bYale University Art Gallery, _cc2001. |
||
| 300 |
_axi, 300 p. : _bill. (some col.) ; _c30 cm. |
||
| 500 | _aExhibition shown at the Yale University Art Gallery, New Haven, Conn., April 19-August 19, 2001. | ||
| 504 | _aIncludes bibliographical references (p. 260-270) and index. | ||
| 610 | 2 | 0 |
_aYale University. _bArt Gallery _vExhibitions. |
| 610 | 2 | 0 |
_aYale University. _bArt Gallery _xHistory. |
| 650 | 0 |
_aArt _zNew Haven _zNew Haven _vExhibitions. |
|
| 710 | 2 |
_aYale University. _bArt Gallery. |
|
| 906 |
_a7 _bcbc _corignew _d2 _eepcn _f20 _gy-gencatlg |
||
| 925 | 0 |
_aacquire _b2 shelf copies _xpolicy default |
|
| 955 |
_djp99 2002-06-04 _ejk77 2002-06-04 to Dewey |
||
| 001 | data | ||
| 999 |
_c290 _d290 |
||